Washington County Seats - Statistics

General Stats
  • This quiz has been taken 30 times
  • The average score is 25 of 39
Answer Stats
County County Seat % Correct
Thurston Olympia
100%
King Seattle
100%
Whatcom Bellingham
94%
Franklin Pasco
94%
Spokane Spokane
94%
Pierce Tacoma
94%
Clark Vancouver
94%
Walla Walla Walla Walla
94%
Yakima Yakima
94%
Snohomish Everett
89%
Chelan Wenatchee
78%
Okanogan Okanogan
72%
Clallam Port Angeles
72%
Jefferson Port Townsend
72%
Asotin Asotin
61%
Lewis Chehalis
61%
Kittitas Ellensburg
61%
San Juan Friday Harbor
61%
Benton Prosser
61%
Ferry Republic
61%
Douglas Waterville
61%
Lincoln Davenport
56%
Grant Ephrata
56%
Skagit Mount Vernon
56%
Mason Shelton
56%
Stevens Colville
50%
Island Coupeville
50%
Klickitat Goldendale
50%
Garfield Pomeroy
50%
Wahkiakum Cathlamet
44%
Whitman Colfax
44%
Columbia Dayton
44%
Cowlitz Kelso
44%
Pend Oreille Newport
44%
Kitsap Port Orchard
44%
Adams Ritzville
44%
Grays Harbor Montesano
39%
Skamania Stevenson
39%
Pacific South Bend
33%
No matching quizzes found
Score Distribution
Percent of People with Each Score
Percentile by Number Answered
Your Score History
You have not taken this quiz